Statistics for Verdens Offisielle Språk

Click here to take the quiz!

General Stats

  • This quiz has been taken 35 times
  • The average score is 48 of 119

Answer Stats

LandSpråk% Correct
Russland, Belarus, Kasakhstan, KirgisistanRussisk
96%
Spania, Colombia, 18 andreSpansk
96%
Sverige, FinlandSvensk
96%
Egypt, Irak, Saudi Arabia, 19 andreArabisk
92%
Canada, Sør-Afrika, 56 andreEngelsk
92%
NorgeNorsk
92%
DanmarkDansk
88%
FinlandFinsk
88%
Frankrike, Canada, 27 andreFransk
88%
Kina, Taiwan, SingaporeKinesisk
(Mandarin)
88%
Tyskland, Østerrike, Sveits, 3 andreTysk
88%
Italia, San Marino, Sveits, VatikanstatenItaliensk
84%
UkrainaUkrainsk
84%
Kypros, HellasGresk
80%
Sør-Korea, Nord-KoreaKoreansk
80%
Belgia, Nederland, SurinamNederlandsk
80%
PolandPolsk
80%
Portugal, Brasil, 7 andrePortugisisk
80%
MontenegroSerbokroatisk
(Montenegrinsk)
80%
Serbia, Bosnia-Hercegovina, KosovoSerbokroatisk
(Serbisk)
80%
Sør-AfrikaAfrikaans
76%
IslandIslandsk
76%
JapanJapansk
76%
IndonesiaMalayisk
(Indonesisk)
72%
SloveniaSlovensk
72%
EstlandEstisk
68%
NorgeSamisk
68%
Bosnia-Hercegovina, KroatiaSerbokroatisk
(Kroatisk)
68%
TsjekkiaTsjekkisk
68%
Tyrkia, KyprosTyrkisk
68%
Albania, Kosovo, Nord-MakedoniaAlbansk
64%
LatviaLatvisk
64%
SlovakiaSlovakisk
64%
ThailandThai
64%
IndiaHindustani
(Hindi)
60%
LitauenLitauisk
60%
ArmeniaArmensk
56%
BulgariaBulgarsk
56%
FilippineneFilippinsk
56%
PakistanHindustani
(Urdu)
56%
IrlandIrsk
56%
Nord-MakedoniaMakedonsk
56%
GeorgiaGeorgisk
52%
Malaysia, Singapore, BruneiMalayisk
52%
RomaniaRumensk
52%
MoldovaRumensk
(Moldovsk)
52%
UngarnUngarsk
52%
MongoliaMongolsk
48%
Bosnia-HercegovinaSerbokroatisk
(Bosnisk)
48%
VietnamVietnamesisk
48%
IsraelHebraisk
44%
IranPersisk
44%
AfghanistanPersisk (Dari)
44%
TadsjikistanPersisk (Tadsjikisk)
44%
SveitsRetoromansk
44%
Somalia, EtiopiaSomali
44%
AserbajdsjanAserbajdsjansk
40%
KasakhstanKasakhisk
40%
Kenya, Rwanda, Tanzania, UgandaSwahili
40%
BelarusBelarusisk
36%
TurkmenistanTurkmensk
36%
UsbekistanUsbekisk
36%
BangladeshBengali
32%
KirgisistanKirgisisk
32%
Sri Lanka, SingaporeTamilsk
32%
MyanmarBurmesisk
28%
BhutanDzongkha
28%
AndorraKatalansk
28%
IrakKurdisk
28%
LaosLaotisk
28%
MaltaMaltesisk
28%
FijiFijiansk
24%
KiribatiKiribatisk
24%
LuxembourgLuxembourgsk
24%
New ZealandMāori
24%
NepalNepalesisk
24%
SeychelleneSeychellisk kreol
24%
HaitiHaitisk Kreol
20%
SamoaSamoisk
20%
Sør-AfrikaXhosa
20%
PalauPalauisk
16%
AfghanistanPasjto
16%
Sør-Afrika, BotswanaSetswana
16%
Sør-AfrikaZulu
16%
Marokko, AlgerieBerbersk
12%
VanuatuBislama
12%
Sør-Afrika, EswatiniSvati
12%
TongaTongansk
12%
EtiopiaAfar
8%
MadagaskarGassisk
8%
ParaguayGuaraní
8%
KambodsjaKhmer
8%
KomoreneKomorisk
8%
MaldiveneMaldivisk
8%
NauruNaurisk
8%
Bolivia, PeruQuechua
8%
BurundiRundi
8%
Sør-Afrika, LesothoSotho
8%
Eritrea, EtiopiaTigrinja
8%
EtiopiaAmharisk
4%
Bolivia, PeruAymara
4%
FijiHindustani
(Fijiansk Hindi)
4%
MarshalløyeneMarshallesisk
4%
RwandaNjaruanda
4%
Sør-AfrikaNordsotho
4%
Sentralafrikanske RepublikkSango
4%
Sri LankaSingalesisk
4%
Sør-AfrikaVenda
4%
MalawiChichewa
0%
Papua Ny-GuineaHiri Motu
0%
MauritiusMauritisk kreol
0%
ZimbabweNordndebele
0%
EtiopiaOromo
0%
ZimbabweShona
0%
Sør-AfrikaSørndebele
0%
Øst-TimorTetum
0%
Papua Ny-GuineaTok Pisin
0%
Sør-AfrikaTsonga
0%
TuvaluTuvalsk
0%

Score Distribution

Percentile by Number Answered

Percent of People with Each Score

Your Score History

You have not taken this quiz